Les 10 villes de Belgique les plus peuplées commençant par G - Statistiques

Statistiques générales
  • Ce quiz a été pris 18 fois
  • Le résultat moyen est 3 sur 10
Statistiques - réponses
# Ville Population % Correct
1 Gand 269.597
100%
2 Genk 67.877
67%
6 Gembloux 26.496
22%
9 Genappe 16.068
22%
7 Ganshoren 25.564
17%
5 Grammont 34.999
17%
4 Grimbergen 39.860
17%
3 Geel 42.331
11%
8 Grâce-Hollogne 23.261
6%
10 Grez-Doiceau 14.064
6%
Aucun quiz correspondant
Distribution des résultats
% des personnes avec chaque résultat
Percentile par nombre de réponses
Votre historique - résultats
Vous n’avez pas pris ce quiz